UFC Fighters by picture 2025 - Statistics

General Stats
  • This quiz has been taken 442 times
  • The average score is 13 of 16
Answer Stats
Picture Answer % Correct
Ilia Topuria
95%
Islam Makhachev
94%
Khamzat Chimaev
94%
Tom Aspinall
93%
Merab Dvalishvili
91%
Alexander Volkanovski
89%
Alex Pereira
87%
Magomed Ankalaev
84%
Dricus Du Plessis
83%
Alexandre Pantoja
80%
Jack Della Maddalena
77%
Jiri Prochazka
75%
Joshua Van
68%
Jean Silva
67%
Nassourdine Imavov
57%
Reinier De Ridder
49%
No matching quizzes found
Score Distribution
Percent of People with Each Score
Percentile by Number Answered
Your Score History
You have not taken this quiz